Harry Potter: le Guide d'Herbologie de Goshawk - Statistiques

Statistiques générales
  • Ce quiz a été pris 20 fois
  • Le résultat moyen est 4 sur 5
Statistiques - réponses
Information Réponses % Correct
Sujet Botanique
94%
Première apparition (film) Harry Potter et la Coupe de Feu
94%
Dernière apparition (film) Harry Potter et la Coupe de Feu
94%
Propriétaire connu Neville Londubat
88%
Propriétaire connu Barty Croupton Jr
71%
Aucun quiz correspondant
Distribution des résultats
% des personnes avec chaque résultat
Percentile par nombre de réponses
Votre historique - résultats
Vous n’avez pas pris ce quiz